000 nam a22 7a 4500
999 _c8799
_d8799
005 20200306070555.0
008 200306b xxu||||| |||| 00| 0 eng d
020 _a9781780976822
_bhard bound
040 _beng
_cAPEC Schools Library
_erda
082 _aC 155.28
_bAl425a 2015
100 _aAllen, Robert
245 _aPersonality tests : assess your personality : emotions, skills, strengths and weaknesses /
_cRobert Allen
264 _aLondon, England :
_bCarlton Books,
_c©2015.
300 _a400 pages ;
336 _2rdacontent
_atext
337 _2rdamedia
_aunmediated
338 _2rdacarrier
_avolume
650 _aPersonality assessment.
650 _aPersonality test.
942 _2ddc
_cNFIC